Alles auf einen Blick?
| Titel: | Alles auf einen Blick? : Kontaktbögen zwischen historischer und gegenwärtiger Bildpraxis am Beispiel des "Stern"-Fotoarchivs |
|---|---|
| Verfasser: | |
| In: |
Rundbrief Fotografie, Band 31, Heft 3-4 (2024), Seite 23-33 alle Artikel anzeigen |
| Veröffentlicht: | 2024 |
| Umfang: | Illustrationen |
| Format: | Aufsatz |
| Sprache: | Deutsch |
| Hinweise zum Inhalt: |
Volltext
|
X
alg: 54178916 001A $03036:05-02-26 001B $01999:05-02-26 $t21:53:04.000 001D $03036:05-02-26 001U $0utf8 001X $00 002@ $0Aou 002C $aText $btxt $2rdacontent 002D $aohne Hilfsmittel zu benutzen $bn $2rdamedia 002E $aBand $bnc $2rdacarrier 003@ $0541789163 007A $0541789163 $aHEB 009P $3Volltext $uhttps://www.degruyterbrill.com/journal/key/rbf/31/3-4/html 010@ $ager 010E $erda 011@ $a2024 021A $aAlles auf einen Blick? $dKontaktbögen zwischen historischer und gegenwärtiger Bildpraxis am Beispiel des "Stern"-Fotoarchivs 028A $BVerfasser $4aut $71109084374 $8Zlobinski, Miriam [Tp3] $9385238541 031A $d31 $e3-4 $h23-33 $j2024 034M $aIllustrationen 039B $aEnthalten in $8--Abvc--. Rundbrief Fotografie. - Berlin : Deutscher Kunstverlag, 1993-. - ISSN 0945-0327 $x202400000310003977 $9048641111 045T $a9,11 $a24,1 lok: 54178916 105 exp: 54178916 105 1 #EPN 201B/01 $005-02-26 $t08:56:06.000 201C/01 $005-02-26 201U/01 $0utf8 203@/01 $01333532873 208@/01 $a05-02-26 $be 209A/01 $a/ $f106 $x00 245Z/01 $a2.15.06. $bArchivwissenschaft und Archivtheorie / Archivsparten / Medienarchive $x01 245Z/01 $a2.16.04.03. $bArchivwissenschaft und Archivtheorie / Archivaliengattungen / Bild- und Tonträger / Fotos $x02 247C/01 $8->Marburg, Bibliographie zum Archivwesen der Archivschule Marburg $939588196X
| LEADER | 00000caa a2200000 c 4500 | ||
|---|---|---|---|
| 001 | 541789163 | ||
| 003 | DE-603 | ||
| 005 | 20260205215304.0 | ||
| 007 | tu | ||
| 008 | 260205s2024 xx |||| | u00||u|ger c | ||
| 035 | |a (DE-599)HEB541789163 | ||
| 040 | |a DE-603 |b ger |c DE-603 |d DE-603 |e rda | ||
| 041 | |a ger | ||
| 084 | |a 9,11 |a 24,1 |2 ssgn | ||
| 100 | 1 | |a Zlobinski, Miriam |e Verfasser |4 aut |0 (DE-603)385238541 |0 (DE-588)1109084374 |2 gnd | |
| 245 | 0 | 0 | |a Alles auf einen Blick? |b Kontaktbögen zwischen historischer und gegenwärtiger Bildpraxis am Beispiel des "Stern"-Fotoarchivs |
| 264 | 0 | |c 2024 | |
| 300 | |b Illustrationen | ||
| 336 | |a Text |b txt |2 rdacontent | ||
| 337 | |a ohne Hilfsmittel zu benutzen |b n |2 rdamedia | ||
| 338 | |a Band |b nc |2 rdacarrier | ||
| 773 | 0 | 8 | |i Enthalten in |t Rundbrief Fotografie |d Berlin : Deutscher Kunstverlag, 1993- |h 30 cm |x 0945-0327 |g Band 31, Heft 3-4 (2024), Seite 23-33 |w (DE-603)048641111 |w (DE-600)1176458-2 |
| 856 | 4 | 2 | |u https://www.degruyterbrill.com/journal/key/rbf/31/3-4/html |3 Volltext |
| 924 | 0 | |9 - |a (DE-603)1333532873 |b DE- |c HES |d d |g / | |